8 mots dans mots : hem (mort subite) - Statistiques

Statistiques générales
  • Ce quiz a été pris 13 fois
  • Le résultat moyen est 5 sur 8
Answers on the Grid
Answers color-coded by a green-red scale on the quiz's grid according to % correct below.
Parc---iner
Villes-cham---nons
Su---championne
Effarouc---ent
Sham---iner
Parc---iner
Cauc---ardesque
Hamec---er
Sc---atiser
Sous-embranc---ent
H---ourgeoise
Contref---er
Blasp---er
Amo---cher
C---acher
Physico-mat---atique
 
Statistiques - réponses
Réponse % Correct
Cauc---ardesque
80%
Parc---iner
80%
Parc---iner
70%
Blasp---er
60%
Effarouc---ent
60%
Physico-mat---atique
60%
Sc---atiser
60%
Sous-embranc---ent
60%
Aucun quiz correspondant
Distribution des résultats
% des personnes avec chaque résultat
Percentile par nombre de réponses
Votre historique - résultats
Vous n’avez pas pris ce quiz